000 00640nam a2200217 a 4500
999 _c7783
_d7783
001 7783
003 BD-JhCC
005 20180214091621.0
008 180214s2003 bg |||| || | 000 0 ben d
035 _a(BD-JhCC)7783
040 _aBD-JhCC
_dBD-JhCC
041 _aben
082 _a923
_bALA 2003
100 _aআলম, জাফর
245 _aবাংলাদেশের স্মরণীয় বরণীয় /
_cজাফর আলম,
260 _aঢাকা :
_bআহমদ পাবলিশিং হাউস,
_c2003
300 _a207 p. :
_c22 cm.
650 _aBiography
942 _2ddc
_cBK